La cultura para América desde el nacionalsocialismo, El Instituto Iberoamericano y la Fiesta de la Raza /
América resulto ser un terreno propicio para el discurso de dominio asociado a las Fiestas y a los Días de la Raza, en el sentido que muchas de nuestras sociedades se constituyeron históricamente bajo el paradigna de la marginalización étnica y cultural como forma de legitimar el dominio y la exclu...
Na minha lista:
| Autor principal: | |
|---|---|
| Formato: | Livro |
| Idioma: | Spanish |
| Publicado em: |
México, D.F.:
Navarro editores,
2009
|
| Assuntos: | |
| Tags: |
Adicionar Tag
Sem tags, seja o primeiro a adicionar uma tag!
|
MARC
| LEADER | 00000nam a22000007a 4500 | ||
|---|---|---|---|
| 008 | 150127c2009 mx ||||| |||| 00| b spa d | ||
| 040 | |a CRU CIICLA | ||
| 090 | |a Nostromo. Revista Crítica Latinoamericana | ||
| 100 | 1 | |a Coronel Gómez, Mariana | |
| 245 | 1 | 3 | |a La cultura para América desde el nacionalsocialismo, El Instituto Iberoamericano y la Fiesta de la Raza / |c Mariana Coronel Gómez. |
| 260 | |a México, D.F.: |b Navarro editores, |c 2009 | ||
| 300 | |a 58-62 páginas | ||
| 520 | |a América resulto ser un terreno propicio para el discurso de dominio asociado a las Fiestas y a los Días de la Raza, en el sentido que muchas de nuestras sociedades se constituyeron históricamente bajo el paradigna de la marginalización étnica y cultural como forma de legitimar el dominio y la exclusión social en términos naturales e históricos. | ||
| 650 | 1 | 4 | |b NACIONALSOCIALISMO |z AMERICA LATINA |
| 650 | 1 | 4 | |b CULTURA |z AMERICA LATINA |
| 773 | 0 | |g Número 1 (2009), páginas 58-62 |t Nostromo. Revista Crítica Latinoamericana | |
| 942 | |2 ddc |c ARC | ||
| 999 | |c 3786 |d 3786 | ||
